00635nam a2200205Ia 4500008004100000050001100041050001500052100002400067245011500091245002300206260003100229260001000260260001000270300001600280300002000296300001100316500005600327521002700383999001900410170504s9999 xx 000 0 und d aHD 28  b.B737 2016 aBorromeo, Marlo F.  aLearning institute program (LIP) training management system for southville international school and colleges / cMarlo F. Borromeo. aLas Piñas, Philippines : bSISC, c2016. a132 pages : billustrations ; c28 cm. aIncludes bibliographical references and appendices. aInformation Technology c329773d329773